000 01884cam a22004574i 4500
003 PE-LiUPU
005 20250731184607.0
008 150616s r 000 0 d
035 _a(Sirsi) a8045
040 _aPE-LiUPU
_bspa
_cPE-LiUPU
_erda
049 _aPRUA
082 0 4 _a918.5
_bC26
_221
100 1 _aCarranza, Luis,
_eautor.
245 1 3 _aLa Ciencia en el Perú en el Siglo XIX /
_cLuis Carranza.
264 1 _aLima :
_bEditorial Eddili,
_c1988.
300 _a320 páginas ;
_c20 cm.
336 _atext
_2rdacontent
337 _aunmediated
_2rdamedia
338 _avolume
_2rdacarrier
505 0 _aAclimatación de la raza blanca en algunos países de la zona tórrida.- La costa del Perú y algunas singularidades de su clima.- Apuntes sobre la raza indígena.- Condiciones físicas e intelectuales del indio.- Apuntes de un viajero.- Consideraciones generales sobre los Departamentos del Centro.- Apéndices y documentos ilustrativos.- La inmigración china y nuestra agricultura.- El Tamerlán de las hormigas.- Hospital "2 de Mayo".- Ferrocarril de la Oroya.- Etc.
526 _aP136
526 _aP135
526 _aP134
526 _aP133
526 _aP144
526 _aP143
526 _aP87
526 _aP35
526 _aP20
526 _aP14
526 _aP10
526 _aP06
650 0 4 _aDesarrollo científico y tecnológico
_zPerú
_ySiglo XIX.
910 _ajck
_bjvq
_cjck
942 _2ddc
_cBOOK
949 _a918.5 C26
_wDEWEY
_c1
_i41684
_lCCODEBUL1
_mBUL
_p00.00
_r0
_sY
_tBOOK
_u19960821
_xEDUCACION
_PP20
_0COMPRA
_o.STAFF. Colección General
994 _aC0
_bPEPRU
596 _a1
999 _a918.5 C26
_wDEWEY
_c59354
_i41684
_f2021-11-8
_g5
_lCCODEBUL1
_mBUL
_r0
_sY
_tBOOK
_u2015-6-16
_xBIBLIOTECA
_PP20
_0COMPRA
_o.STAFF. Colección General
_d59354
980 _81
_gALBERTO SANCHEZ Responsable de Automatización